书目信息 |
| 题名: |
东进
|
|
| 作者: | 卡雷尔 著 ;小小冰人 译 | |
| 分册: | ||
| 出版信息: | 北京 台海出版社 2018 |
|
| 页数: | 712页 | |
| 开本: | 26cm | |
| 丛书名: | ||
| 单 册: | ||
| 中图分类: | K512.54 | |
| 科图分类: | ||
| 主题词: | 苏联卫国战争--Su Lian Wei Guo Zhan Zheng--史料 | |
| 电子资源: | ||
| ISBN: | 978-7-5168-2024-7 | |
| 000 | 01351nam 2200265 45 | |
| 001 | 012001009890 | |
| 005 | 20140101132653.0 | |
| 010 | @a978-7-5168-2024-7@dCNY189.80 | |
| 099 | @aCAL 012018131609 | |
| 100 | @a20180820d2018 ekmy0chiy50 ea | |
| 101 | 1 | @achi@cger |
| 102 | @aCN@b110000 | |
| 105 | @ay z 000yy | |
| 106 | @ar | |
| 200 | 1 | @a东进@ADong Jin@e1941-1943年的苏德战争@f(德) 保罗·卡雷尔著@g小小冰人译 |
| 210 | @a北京@c台海出版社@d2018 | |
| 215 | @a712页@d26cm | |
| 330 | @a《东进》从东线战事爆发首日, 也就是1941年6月22日的“巴巴罗萨”行动开始, 先后讲述了发生在斯摩棱斯克、莫斯科、列宁格勒、罗斯托夫、斯大林格勒等地的战斗。全景式地描绘了一幅幅生动的战争画面: 既有高层将领的运筹帷幄, 也有下级将士的浴血奋战, 这两方面的结合构成了有血有肉的历史传奇。书中也不乏一些细节性描述, 例如地雷犬的出现、弗拉索夫的被俘、蓝色行动的泄密、对阿斯特拉罕的侦察等等, 即便对东线战事了如指掌的读者, 也能从书中获得新的收益。大大小小的事件, 林林总总的人物, 详尽地展现了东线波澜壮阔的战争史诗, 是战争史研究中难得的佳作。 | |
| 517 | 1 | @a1941-1943年的苏德战争@A1941-1943 Nian De Su De Zhan Zheng |
| 606 | 0 | @a苏联卫国战争@ASu Lian Wei Guo Zhan Zheng@x史料 |
| 690 | @aK512.54@v5 | |
| 701 | 1 | @a卡雷尔@AKa Lei Er@g(Carell, Paul)@4著 |
| 702 | 0 | @a小小冰人@AXiao Xiao Bing Ren@4译 |
| 801 | 0 | @aCN@b上海新华@c20191020 |
| 905 | @b1189854-6@dK512.54@e60@f3 | |
| 东进:1941-1943年的苏德战争/(德) 保罗·卡雷尔著/小小冰人译.-北京:台海出版社,2018 |
| 712页;26cm |
| ISBN 978-7-5168-2024-7:CNY189.80 |
| 《东进》从东线战事爆发首日, 也就是1941年6月22日的“巴巴罗萨”行动开始, 先后讲述了发生在斯摩棱斯克、莫斯科、列宁格勒、罗斯托夫、斯大林格勒等地的战斗。全景式地描绘了一幅幅生动的战争画面: 既有高层将领的运筹帷幄, 也有下级将士的浴血奋战, 这两方面的结合构成了有血有肉的历史传奇。书中也不乏一些细节性描述, 例如地雷犬的出现、弗拉索夫的被俘、蓝色行动的泄密、对阿斯特拉罕的侦察等等, 即便对东线战事了如指掌的读者, 也能从书中获得新的收益。大大小小的事件, 林林总总的人物, 详尽地展现了东线波澜壮阔的战争史诗, 是战争史研究中难得的佳作。 |
| ● |
| 相关链接 |
|
|
|
|
正题名:东进
索取号:K512.54/60
 
预约/预借
| 序号 | 登录号 | 条形码 | 馆藏地/架位号 | 状态 | 备注 |
| 1 | 1189854 | 211898543 | 第二样本阅览室/ [索取号:K512.54/60] | 在馆 | |
| 2 | 1189855 | 211898552 | 第二借阅区/ [索取号:K512.54/60] | 在馆 | |
| 3 | 1189856 | 211898561 | 第二借阅区/ [索取号:K512.54/60] | 在馆 |